|
|
|
|
| LEADER |
00000nam a2200000 a 4500 |
| 001 |
UCZ8022 |
| 003 |
CL-VaPUC |
| 008 |
960112e19520000CL |||||||||||||||||spa|d |
| 082 |
0 |
4 |
|a Ch864
|b SUB
|2 21
|
| 100 |
0 |
|
|a Subercaseaux, Benjamín
|e author
|9 353116
|
| 245 |
1 |
3 |
|a El mundo y la vida a través de una experiencia literaria
|
| 300 |
|
|
|a 302 p
|
| 942 |
|
|
|c BK
|
| 945 |
|
|
|d 19960112 00:00:00
|a cmena
|
| 260 |
|
|
|a Santiago
|b Ercilla
|c 1952
|
| 650 |
|
0 |
|a Literatura chilena
|9 308278
|
| 650 |
|
0 |
|a Ensayos chilenos
|9 269132
|
| 583 |
|
|
|a last modification
|c 19960112 00:00:00
|k Rodrigo Vera
|
| 999 |
|
|
|c 243990
|d 243988
|
| 952 |
|
|
|0 0
|1 0
|4 0
|6 CH_864_000000000000000_SUB_1952
|7 0
|8 A
|9 257891
|a BIBEDU
|b BIBEDU
|d 2019-11-19
|i 1614436
|o Ch864 SUB 1952
|p 1614436
|r 2019-11-19
|w 2019-11-19
|y BK
|k EDU
|